| 000 | 00481nam a2200157Ia 4500 | ||
|---|---|---|---|
| 999 |
_c20232 _d20232 |
||
| 003 | OSt | ||
| 005 | 20200702153111.0 | ||
| 008 | 190216s9999||||xx |||||||||||||| ||und|| | ||
| 040 | _coclc | ||
| 082 |
_a947 _bHUD/S |
||
| 100 |
_aHudyakkov, Sergi _93480 |
||
| 245 | 0 |
_aSoviet Samadana Presthanavum Janageeya Nayathanthravum / _cSergi Hudyakkov |
|
| 260 |
_bRama Publishers, _aMadirasi: _c1989. |
||
| 650 | _aHistory | ||
| 942 |
_cBK _2ddc _h947 _iHUD/S _k947 _mHUD/S |
||